<?xml version="1.0" encoding="UTF-8"?>
<record
    xmlns:xsi="http://www.w3.org/2001/XMLSchema-instance"
    xsi:schemaLocation="http://www.loc.gov/MARC21/slim http://www.loc.gov/standards/marcxml/schema/MARC21slim.xsd"
    xmlns="http://www.loc.gov/MARC21/slim">

  <leader>00808nam a22001937a 4500</leader>
  <datafield tag="999" ind1=" " ind2=" ">
    <subfield code="c">194445</subfield>
    <subfield code="d">194445</subfield>
  </datafield>
  <controlfield tag="005">20221220144008.0</controlfield>
  <datafield tag="010" ind1=" " ind2=" ">
    <subfield code="a">UR-11817</subfield>
  </datafield>
  <datafield tag="020" ind1=" " ind2=" ">
    <subfield code="c">210.00</subfield>
  </datafield>
  <datafield tag="035" ind1=" " ind2=" ">
    <subfield code="a">U-10372</subfield>
  </datafield>
  <datafield tag="037" ind1=" " ind2=" ">
    <subfield code="b">DBAD/PUB</subfield>
  </datafield>
  <datafield tag="082" ind1=" " ind2=" ">
    <subfield code="a">330.270</subfield>
  </datafield>
  <datafield tag="100" ind1=" " ind2=" ">
    <subfield code="a">&#x633;&#x6CC;&#x62F; &#x627; &#x628;&#x648; &#x627; &#x644;&#x627; &#x639;&#x644;&#x6CC; &#x645;&#x648; &#x62F; &#x648; &#x648; &#x6CC; </subfield>
  </datafield>
  <datafield tag="245" ind1=" " ind2=" ">
    <subfield code="a">&#x645;&#x639;&#x627; &#x634;&#x6CC;&#x627; &#x62A; &#x627; &#x633;&#x644;&#x627; &#x645; /     </subfield>
    <subfield code="c">&#x633;&#x6CC;&#x62F; &#x627; &#x628;&#x648; &#x627; &#x644;&#x627; &#x639;&#x644;&#x6CC; &#x645;&#x648; &#x62F; &#x648; &#x648; &#x6CC; </subfield>
  </datafield>
  <datafield tag="246" ind1=" " ind2=" ">
    <subfield code="a">Mashiat-e-Islam /</subfield>
    <subfield code="b">by Moulana Sayyed Abul Ala Moudoodi                                                                   </subfield>
  </datafield>
  <datafield tag="260" ind1=" " ind2=" ">
    <subfield code="a">New Delhi        </subfield>
    <subfield code="b">Merkazi  Maktaba Islami Publishers</subfield>
    <subfield code="c">2013 &#x621;</subfield>
  </datafield>
  <datafield tag="270" ind1=" " ind2=" ">
    <subfield code="a">D-307, Dawat Nagar, Abul Fazal Enclave, Jamia Nagar ,</subfield>
    <subfield code="b">New  Delhi </subfield>
    <subfield code="e">110025</subfield>
    <subfield code="k">01126971652</subfield>
    <subfield code="l">-</subfield>
  </datafield>
  <datafield tag="300" ind1=" " ind2=" ">
    <subfield code="a">436 &#x635;</subfield>
    <subfield code="c">22cm(pbk)     </subfield>
  </datafield>
  <datafield tag="942" ind1=" " ind2=" ">
    <subfield code="2">ddc</subfield>
    <subfield code="c">UR</subfield>
    <subfield code="h">330.270</subfield>
    <subfield code="m">&#x633; &#x6CC; &#x62F;     </subfield>
    <subfield code="e"> </subfield>
  </datafield>
  <datafield tag="952" ind1=" " ind2=" ">
    <subfield code="0">0</subfield>
    <subfield code="1">0</subfield>
    <subfield code="4">0</subfield>
    <subfield code="7">0</subfield>
    <subfield code="8">NFIC</subfield>
    <subfield code="a">L</subfield>
    <subfield code="b">L</subfield>
    <subfield code="d">2022-12-20</subfield>
    <subfield code="e">DBAD/PUB</subfield>
    <subfield code="g">210.00</subfield>
    <subfield code="l">1</subfield>
    <subfield code="o">330.270 &#x633; &#x6CC; &#x62F;</subfield>
    <subfield code="p">U-10372</subfield>
    <subfield code="r">2023-01-23 00:00:00</subfield>
    <subfield code="s">2023-01-10</subfield>
    <subfield code="t">1</subfield>
    <subfield code="v">210.00</subfield>
    <subfield code="w">2022-12-20</subfield>
    <subfield code="y">UR</subfield>
  </datafield>
</record>
